000 00730nam a2200265Ia 4500
003 OSt
005 20220918222358.0
006 a|||||r|||| 00| 0
007 ta
008 220917b |||||||| |||| 00| 0 eng d
024 _a216,728
037 _cTextual
040 _aARTS
_cARTS
_beng
041 _2eng
_aeng
082 _aV2:2.N89<-N47, N0;P1-;2
100 _aBrass Paul R
_9104227
245 0 _aPolitics of India since independence
250 _a2nd
260 _aUSA
_bCambridge univ. press
_c2001
300 _axv, 403p
_ccm.
490 _aThe new cambridge history of India
650 _aHISTORY
942 _hV2:2.N89<-N47, N0;P1-;2
_cTEXL
_2CC
999 _c275395
_d275395